000 nam a22 7a 4500
999 _c9000
_d9000
008 180122b ||||| |||| 00| 0 eng d
100 _aGupta R. G
_95301
245 _aMathematics
260 _aNew Delhi
_bArya Publication
_c2009